000 00630nam a2200193 i 4500
001 188025
003 SpMaBN
005 20231111062536.0
008 180411s1983 sp |||| | spa d
020 _a84-7423-205-8
080 _a860.09"16/19"(04)
100 1 _aFerrater Mora, José.
_950338
245 1 3 _aEl mundo del escritor /
_cJosé Ferrater Mora.
260 _aBarcelona :
_bCrítica,
_c[1983]
300 _a180 p. ;
_c20 cm.
650 4 _aLiteratura española-
_xHistoria y crítica
_914560
852 _aES-MaACL
_jL-31912
_z. - Donat. herederos de la bibl. de Mª del Pilar Costa Palacín
999 _c188025
_d188025